00609cam a22002291 4500001001300000003000400013005001700017008004100034010001700075035002000092040001800112042001200130050001700142100002900159245003400188260001100222300002700233500001400260500006200274650002600336999001700362sa 68004100 DLC20260227112459.0930209s1967 ii a 000 1 hin  asa 68004100  a(OCoLC)27400346 aDLCcWaUdDLC apremarc00aPK2077b.P331 aPandey, Sudhakar,d1927-10aViśishṭa kahāniyām̐. c[1967] a208 p.billus.c19 cm. aIn Hindi. aIncludes short biographical sketches of the contributors. 0aShort stories, Hindi. c79968d79968